000
00323 a2200157 4500
001
183055
020
_a
040
_c
Magnum
100
_a
Gonçalves, João Luiz
240
1
0
_a
Retratos revelados
_l
por
245
1
0
_a
Retratos revelados
300
_a
93
362
0
_a
1996
697
_a
LITERATURA GERAL
942
_c
BK
999
_c
183055
_d
183055